Volokna speciaľnogo naznačenija /

Uloženo v:
Podrobná bibliografie
Hlavní autoři: Voľf, Leonard Abramovič (Autor), Meos, Aleksandr Ivanovič (Autor)
Médium: Kniha
Jazyk:ruština
Vydáno: Moskva : Chimija, 1971
Vydání:[1. izd.]
Témata:
On-line přístup: Získat plný text
Tagy: Přidat tag
Žádné tagy, Buďte první, kdo vytvoří štítek k tomuto záznamu!

MARC

LEADER 00000cam a2200000 4500
003 SK-BrCVT
005 20220618071813.0
008 081217s1971 rur e ||||||rus d
035 |a CVTIDW1473072 
040 |b slo  |a CVTI SR  |e AACR2 
041 0 |a rus 
044 |a rur 
100 1 |a Voľf, Leonard Abramovič  |4 aut 
245 1 0 |a Volokna speciaľnogo naznačenija /  |c Leonard Abramovič Voľf, Aleksandr Ivanovič Meos 
250 |a [1. izd.] 
260 |a Moskva :  |b Chimija,  |c 1971 
300 |a 222 s. 
653 1 |a chemické vlákno  |a syntetické vlákno 
700 1 |a Meos, Aleksandr Ivanovič  |4 aut 
910 |b A286172  |b A297361 
974 |f Knihy 
992 |a AMG 
999 |c 179579  |d 179579